Ricostruisci la Carriera del Calciatore - Ricardo Quaresma - Statistics

Statistiche generali
  • Questo quiz è stato fatto 4 volte
  • Il punteggio medio è 3 su 12
Statistiche sulle risposte
Hint Risposta % Corretto
2001-2003 Sporting Lisbona
75%
2010-2012 Beşiktaş
50%
2008-2009 Inter
50%
2003-2004 Barcellona
25%
2015-2019 Beşiktaş
25%
2009 Chelsea
25%
2019-2020 Kasımpaşa
25%
2004-2008 Porto
25%
2020-2022 Vitória Guimarães
25%
2013 Al-Ahli
0%
2009-2010 Inter
0%
2014-2015 Porto
0%
Nessun quiz corrispondente trovato
Distribuzione punteggi
Percentuale di utenti per punteggio
Percentile per numero di risposta
I tuoi punteggi nel tempo
Non hai fatto questo quiz